|
|
|
|
| LEADER |
00000cam a2200000 c 4500 |
| 001 |
787976970 |
| 003 |
DE-627 |
| 005 |
20260217080305.0 |
| 007 |
tu |
| 008 |
140616s1606 xx ||||| 00| ||lat c |
| 024 |
7 |
|
|a VD17 15:733611S
|2 vd17
|
| 026 |
|
|
|e r-er iai- m,ni reEs 3 1599R
|2 fei
|
| 035 |
|
|
|a (DE-627)787976970
|
| 035 |
|
|
|a (DE-576)9787976979
|
| 035 |
|
|
|a (DE-599)GBVVDS007696000
|
| 035 |
|
|
|a (VD17)007696000
|
| 040 |
|
|
|a DE-627
|b ger
|c DE-627
|e rakwb
|
| 041 |
|
|
|a lat
|
| 084 |
|
|
|a 1
|2 ssgn
|
| 100 |
1 |
|
|0 (DE-588)124813755
|0 (DE-627)366438085
|0 (DE-576)170337383
|4 aut
|a Harbart, Burchardus
|d 1546-1614
|
| 109 |
|
|
|a Herberth, Burkhard 1546-1614
|a Harbardus, Burckhardus 1546-1614
|a Harbartus, Burchardus 1546-1614
|a Harbard, Burchard 1546-1614
|a Harbard, Burchardus 1546-1614
|a Harbardus, Burchardus 1546-1614
|a Harbartus, Burchartus 1546-1614
|a Harbart, Burkard 1546-1614
|a Harbart, Burchard 1546-1614
|a Harbart, Burkhard 1546-1614
|a Harbard, Burkhard 1546-1614
|a Harbardt, Burchard 1546-1614
|a Herbart, Burchhard 1546-1614
|a Harbart, Burchardus 1546-1614
|a Herbor, Burchard 1546-1614
|
| 245 |
1 |
0 |
|a Theses Doctrinam De Synodis Methodica Tractatione Complectentes
|b ita conscriptae, vt ex ijs verus illarum instituendarum modus, & legitimè institutarum genuinus usus ...
|c propositae à Burchardo Harbart
|
| 264 |
|
1 |
|a Lipsiae
|b Lamberg
|c 1599 [ersch.1606]
|
| 300 |
|
|
|a [1] Bl., 250 S.
|c 4°
|
| 336 |
|
|
|a Text
|b txt
|2 rdacontent
|
| 337 |
|
|
|a ohne Hilfsmittel zu benutzen
|b n
|2 rdamedia
|
| 338 |
|
|
|a Band
|b nc
|2 rdacarrier
|
| 361 |
1 |
|
|5 DE-2863
|y 3711454739
|s II/72/20
|o Vorbesitz
|a Kirchenbibliothek Pegau
|0 (DE-588)1204596417
|0 (DE-627)1689992085
|f Bibliotheksexemplar
|
| 505 |
8 |
|
|a Enth. u.a.: Capita Doctrinam De Confessione Verae Fidei. Capita Doctrinam De Vero Deo Uno In Essentia. Capita Generalem ... Ad Articulos Smalcaldicos
|
| 655 |
|
7 |
|a Dissertation:theol
|0 (DE-627)096631155
|2 local
|
| 700 |
1 |
|
|0 (DE-588)119736802
|0 (DE-627)53918621X
|0 (DE-576)291876277
|4 prt
|a Lamberg, Abraham
|d 1557-1629
|
| 751 |
|
|
|a Leipzig
|4 pup
|
| 856 |
4 |
1 |
|u https://nbn-resolving.org/urn:nbn:de:bsz:15-0008-109741
|x Digitalisierung
|z // 2016 digitalisiert von꞉ Universitätsbibliothek Leipzig. Exemplar mit der Signatur꞉ St.Nicolai.1062/20
|z kostenfrei
|3 Volltext
|7 0
|
| 935 |
|
|
|a mteo
|
| 951 |
|
|
|a BO
|
| ELC |
|
|
|b 1
|
| LOK |
|
|
|0 000 xxxxxcx a22 zn 4500
|
| LOK |
|
|
|0 001 4918597483
|
| LOK |
|
|
|0 003 DE-627
|
| LOK |
|
|
|0 004 787976970
|
| LOK |
|
|
|0 005 20260217075342
|
| LOK |
|
|
|0 008 260217||||||||||||||||ger|||||||
|
| LOK |
|
|
|0 040
|a DE-Tue135
|c DE-627
|d DE-Tue135
|
| LOK |
|
|
|0 092
|o n
|
| LOK |
|
|
|0 852
|a DE-Tue135
|
| LOK |
|
|
|0 852 1
|9 00
|
| LOK |
|
|
|0 866
|x SPQUE#VD (Historische deutsche Nationalbibliographie)#SPSAM#VD17
|
| LOK |
|
|
|0 935
|a ixvd
|a ixv7
|
| LOK |
|
|
|0 939
|a 17-02-26
|b l01
|
| OAS |
|
|
|a 1
|
| ORI |
|
|
|a TA-MARC-ixtheoa001.raw
|